000 00385ntaaa2200157 4500
003 01
005 20251027201607.0
008 0714s1973 ag 01
040 _aAR-BaBN
_bspa
_cAR-BaBN
_eaacr
_dRIC
082 _a230.0000 V58
245 _aVerdad religiosa ¿dónde está y qué nos dice?
250 _a1 ed. :
_bAurora,
_cc/959
300 _a112 p.
650 _aTeología
942 _cBK
999 _c10534
_d10534